Contemporary Architects /

Bibliographic Details
Other Authors: Morgan, Ann Lee, Naylor, Colin
Format: Book
Language:English
Published: Chicago [Ill.] : St. James Press, 1987.
Edition:2nd ed.
Series:Contemporary arts series (Chicago, Ill.)
Subjects:

MARC

Tag First Indicator Second Indicator Subfields
LEADER 00000cam a2200000 a 4500
001 in00000009870
005 20151007051557.0
008 850327s1987 ilua b 00000ceng d
020 |a 0912289260 
035 |a (OCoLC)11854026 
035 |9 AAA3702AM 
040 |a ZXC  |c ZXC  |d m/c  |d WPG  |d TXA  |d UtOrBLW 
049 |a TXAF  |c [A12555555] 
050 4 |a NA680  |b .C625 1987 
245 0 0 |a Contemporary Architects /  |c editors: Ann Lee Morgan and Colin Naylor. 
250 |a 2nd ed. 
264 1 |a Chicago [Ill.] :  |b St. James Press,  |c 1987. 
300 |a x, 1038 pages :  |b illustrations ;  |c 31 cm. 
336 |a text  |b txt  |2 rdacontent 
337 |a unmediated  |b n  |2 rdamedia 
338 |a volume  |b nc  |2 rdacarrier 
490 1 |a Contemporary arts series 
650 0 |a Architects  |v Biography. 
650 0 |a Architecture, Modern  |y 20th century  |x Biography. 
700 1 |a Morgan, Ann Lee. 
700 1 |a Naylor, Colin. 
830 0 |a Contemporary arts series (Chicago, Ill.) 
999 |a MARS 
999 f f |s 7dd15f5a-a03d-3627-81a8-e5243ba79878  |i eb1164e1-a2e5-3108-a908-a4fdb2da9820  |t 0 
952 f f |p ric  |a Texas A&M University  |b Rellis Campus  |c Joint Library Facility  |d Remote Storage  |t 0  |e NA680 .C625 1987  |h Library of Congress classification  |i unmediated -- volume  |m A14812555555 
998 f f |a NA680 .C625 1987  |t 0  |l Remote Storage